书目信息 |
| 题名: |
斯科特·凯尔比的风光摄影手册
|
|
| 作者: | 凯尔比 著 ;高文博 文 | |
| 分册: | ||
| 出版信息: | 北京 人民邮电出版社 2020.08 |
|
| 页数: | 223页 | |
| 开本: | 24cm | |
| 丛书名: | ||
| 单 册: | ||
| 中图分类: | J414-62 | |
| 科图分类: | ||
| 主题词: | 风光摄影--feng guang she ying--摄影艺术--手册 | |
| 电子资源: | ||
| ISBN: | 978-7-115-53962-5 | |
| 000 | 01136nam0 2200265 450 | |
| 001 | 202020140038 | |
| 005 | 20200926181352.0 | |
| 010 | @a978-7-115-53962-5@dCNY79.00 | |
| 100 | @a20200918d2020 em y0chiy50 ea | |
| 101 | 1 | @achi@ceng |
| 102 | @aCN@b110000 | |
| 105 | @aa z 000yy | |
| 106 | @ar | |
| 200 | 1 | @a斯科特·凯尔比的风光摄影手册@Asi ke te · kai er bi de feng guang she ying shou ce@f(美) 斯科特·凯尔比著@d= The landscape photography book@fScott Kelby@g高文博译@zeng |
| 210 | @a北京@c人民邮电出版社@d2020.08 | |
| 215 | @a223页@c彩图@d24cm | |
| 314 | @a斯科特·凯尔比, 全球知名摄影师、设计师、摄影教育专家。 | |
| 330 | @a本书中, 专业摄影师及畅销书作家斯科特·凯尔比传授了风光摄影的完整工作流程, 从器材准备、相机设置、构图技巧、长曝光技法、星空摄影, 到全景图合并、照片后期处理, 旨在帮助读者创作出令人惊艳的风光照片。 | |
| 500 | 10 | @aLandscape photography book@mChinese |
| 606 | 0 | @a风光摄影@Afeng guang she ying@x摄影艺术@j手册 |
| 690 | @aJ414-62@v5 | |
| 701 | 1 | @a凯尔比@Akai er bi@g(Kelby, Scott)@4著 |
| 702 | 0 | @a高文博@Agao wen bo@4文 |
| 801 | 0 | @aCN@c20200804 |
| 905 | @a河南城建学院图书馆@dJ414-62@eK160 | |
| 斯科特·凯尔比的风光摄影手册/(美) 斯科特·凯尔比著= The landscape photography book/Scott Kelby/高文博译.-北京:人民邮电出版社,2020.08 |
| 223页:彩图;24cm |
| ISBN 978-7-115-53962-5:CNY79.00 |
| 本书中, 专业摄影师及畅销书作家斯科特·凯尔比传授了风光摄影的完整工作流程, 从器材准备、相机设置、构图技巧、长曝光技法、星空摄影, 到全景图合并、照片后期处理, 旨在帮助读者创作出令人惊艳的风光照片。 |
| ● |
| 相关链接 |
|
|
|
正题名:斯科特·凯尔比的风光摄影手册
索取号:J414-62/K160
 
预约/预借
| 序号 | 登录号 | 条形码 | 馆藏地/架位号 | 状态 | 备注 |
| 1 | 1490231 | 214902319 | 社科库309/309社科库 84排2列6层/ [索取号:J414-62/K160] | 在馆 | |
| 2 | 1490232 | 214902328 | 社科库309/309社科库 84排2列6层/ [索取号:J414-62/K160] | 在馆 |